• 首页
  • 本馆介绍
  • 公告通知
  • 最新文献
  • 馆藏检索
  • 电子资源
  • 读者导购
  • 参考咨询
  • 我的图书馆
  • 登录
  • 详细信息显示
  • 放入我的书架
  • 预约/预借图书
  • 作者相关作品
  • 分类相关作品
  • 丛书相关作品
  • 出版社相关作品

书目信息

  • 表格格式
  • 工作单格式
  • 卡片格式
题名:
英制公制换算手册
    
 
作者:
分册:  
出版信息: 香港   万里书店  
页数: 341页
开本: 36
丛书名:
单 册:
中图分类: TB91-64
科图分类:
主题词: 单位制 , 计量单位
电子资源:
ISBN:
000 00461nam0 2200181 45
001 0312221749
005 20060909154629.89
010    @dCNY1.00
100    @a20031222d km y0chiy0120 ea
101    @achi
200 1  @a英制公制换算手册@AYing Zhi Gong Zhi Huan Suan Shou Ce
210    @a香港@c万里书店
215    @a341页@d36
606 0  @a单位制
606 0  @a计量单位
690    @aTB91-64@v3
801    @aCN@bTSTCL@c20060909
905    @a213230@dTB91-64@e55@b114402@f1
    
    英制公制换算手册.-香港:万里书店
    341页;36
    
    
    ISBN :CNY1.00
    
●
相关链接 在E读中查询图书 在五车中查询图书 在当当中查询图书 在豆瓣中查询图书


正题名:英制公制换算手册     索取号:TB91-64/55         预约/预借

序号 登录号 条形码 馆藏地/架位号 状态 备注
1 0114402   001361993   第二样本阅览室/ [索取号:TB91-64/55] 在馆    
2 0471799   204717994   密集书库/ [索取号:TB91-64/55] 在馆    
唐山师范学院图书馆 欢迎您!
大连网信软件有限公司© 版权所有